Bodas de sangre / (Registro nro. 8643)

Detalles MARC
000 -LIDER
fixed length control field 00959nam a2200301 a 4500
001 - NÚMERO DE CONTROL
Identificador de número de control 000018581
003 - IDENTIFICACDOR DE NÚMERO DE CONTROL
control field DO-SdBNP
005 - DATE AND TIME OF LATEST TRANSACTION
control field 20230515125317.0
007 - CAMPOS FIJOS DE DESCRIPCIÓN FÍSICA
fixed length control field 000018581
008 - ELEMENTOS DE LONGITUD FIJA
fixed length control field 100511s2005 sp av 000 d spa d
020 ## - ISBN
International Standard Book Number 9875505986
040 ## - FUENTE DE CATALOGACIÓN
Agencia que crea de manera original el registro BPMSU
Idioma de catalogación spa
Agencia que realiza la transcripción BPMSU
082 #4 - NÚMERO DE CLASIFICACIÓN DECIMAL DE DEWEY
Classification number 862.5
Item number G216b 2005
Edition number 22
092 ## - LOCALLY ASSIGNED DEWEY DECIMAL CALL NUMBER
Número de clasificación 862.62
Número de ítem (Cutter) G216b
100 1# - ASIENTO PRINCIPAL -- NOMBRE PERSONAL
Nombre personal García Lorca, Federico,
Fechas asociadas con el nombre 1898-1936.
245 10 - MENCIÓN DE TITULO
Título Bodas de sangre /
Mención de responsabilidad Federico García Lorca ; prólogo Silvina Beatriz Marsimian .
260 ## - PUBLICACIÓN, DISTRIBUCIÓN, ETC. (PIE DE IMPRENTA)
Lugar de publicación, distribución, etc Buenos Aires, Argentina :
Nombre del editor, distribuidor, etc. Longseller,
-- 2005
300 ## - DESCRIPCIÓN FÍSICA
Extensión 165 p. :
Otros detalles físicos il. ;
Dimensiones 20 cm.
490 0# - MENCIÓN DE SERIES
Mención de serie Clásicos de siempre;
-- Joyas del teatro,
Volume/sequential designation 6
500 ## - NOTA GENERAL
Nota general Incluye notas al pie de las páginas.
590 ## - NOTA LOCAL
Texto de la nota local Inventariado, 2023/VM
650 #4 - ENCABEZAMIENTO DE MATERIA--TEMÁTICO
Término temático o nombre geográfico como elemento de entrada Teatro esapañol
650 #4 - ENCABEZAMIENTO DE MATERIA--TEMÁTICO
Término temático o nombre geográfico como elemento de entrada Emociones
Subdivisión de forma Teatro.
650 #4 - ENCABEZAMIENTO DE MATERIA--TEMÁTICO
Término temático o nombre geográfico como elemento de entrada Literatura española
700 1# - ASIENTO SECUNDARIO -- NOMBRE PERSONAL
Nombre personal Marsimian, Silvia Beatriz,
Mención de responsabilidad pról.
910 ## - VALIDACIÓN
Validación VMateo V. Control de calidad (BPMSU)
942 ## - ADDED ENTRY ELEMENTS (KOHA)
Source of classification or shelving scheme Dewey Decimal Classification
Koha item type Libros
Existencias
Withdrawn status Lost status Source of classification or shelving scheme Damaged status Not for loan Collection code Home library Current library Date acquired Source of acquisition Full call number Barcode Date last seen Price effective from Koha item type
    Dewey Decimal Classification     Colección General Biblioteca Pública Metropolitana Salomé Ureña Biblioteca Pública Metropolitana Salomé Ureña 11/11/2015 Fundación Educativa y Cultural BPMSU CG 862.5 G216b 2005 BPMSU15110192 11/11/2015 11/11/2015 Libros